000 00499nam a2200181Ia 4500
001 19776
005 20260306172717.0
008 260306t2009||||xx |||||||||||||| ||spa||
041 _aESP
082 _a341.1
_bC95
100 _aAyuso, Miguel (ed.)
_eAUT
245 0 _aCuestiones fundamentales de derecho natural:
_bactas de las III jornadas hispánicas de derecho natural
260 _c2009
300 _a231 páginas :
_c22 cm.
650 _aGEN
654 _aCDE
942 _cLIB
_dJUS
_fJUS
_2ddc
_n
999 _c19776
_d19776